书目信息 |
| 题名: |
企业法人登记管理理论与实践
|
|
| 作者: | 贾祥章 主编 | |
| 分册: | ||
| 出版信息: | 济南 山东人民出版社 1989 |
|
| 页数: | 393页 | |
| 开本: | 20cm | |
| 丛书名: | ||
| 单 册: | ||
| 中图分类: | D922.292 | |
| 科图分类: | ||
| 主题词: | 企业登记--研究--中国 | |
| 电子资源: | ||
| ISBN: | 978-7-209-00589-0 | |
| 000 | 00642nam0 2200217 450 | |
| 001 | 0100253623 | |
| 005 | 20030609133544.0 | |
| 010 | @a978-7-209-00589-0@dCNY5.10 | |
| 100 | @a19961012d1989 em y0chiy0110 ea | |
| 101 | 0 | @achi |
| 102 | @aCN@b370000 | |
| 105 | @ay z 000yy | |
| 106 | @ar | |
| 200 | 1 | @a企业法人登记管理理论与实践@9Qi Ye Fa Ren Deng Ji Guan Li Li Lun Yu Shi Jian @f贾祥章主编@b专著 |
| 210 | @a济南@c山东人民出版社@d1989 | |
| 215 | @a393页@d20cm | |
| 606 | 0 | @a企业登记@x研究@y中国 |
| 690 | @aD922.292@v3 | |
| 701 | 0 | @a贾祥章@9jia xiang zhang@4主编 |
| 801 | 0 | @aCN@bAiZhiMarc |
| 905 | @aBZT@dD922.29@e216@f1@sD922.29/216 | |
| 企业法人登记管理理论与实践/贾祥章主编.-济南:山东人民出版社,1989 |
| 393页;20cm |
| ISBN 978-7-209-00589-0:CNY5.10 |
| ● |
| 相关链接 |
|
|
|
正题名:企业法人登记管理理论与实践
索取号:D922.29/216
 
预约/预借
| 序号 | 登录号 | 条形码 | 馆藏地/架位号 | 状态 | 备注 |